000 00624nam a2200193Ii 4500
003 JO-AjNU
008 230605s9999||||xx |||||||||||||| ||und||
040 _aJO-AjNU
_bara
_erda
_cJO-AjNU
041 _aara
050 1 4 _aPJ7840.A38.T37 1987
100 3 _aتأليف محادين، خالد,
_eauthor
_948684
245 0 0 _aالطرنيب: مجموعة قصصية
264 3 1 _aعمان:دائرة الثقافة والفنون،1987
300 _a80ص
336 _atext
_btxt
_2rdacontent
337 _aunmediated
_bn
_2rdamedia
338 _avolume
_bnc
_2rdacarrier
650 4 _aالأدب العربي - قصص
_948685
999 _aA21337
_c24905
_d24905